| 000 | 00472nam a2200181 a 4500 | ||
|---|---|---|---|
| 005 | 20240911064800.0 | ||
| 008 | 070928s1972 mx r 000 0 spa d | ||
| 035 | _aUPN01000152478 | ||
| 049 | _aCG | ||
| 050 | 4 |
_aHT684 _bP4.4 |
|
| 100 | 1 | _aPlejánov, Jorge | |
| 245 | 1 | 3 |
_aLa ideología del pequeño burgues / _cJorge Plejánov. |
| 260 |
_aMéxico : _bRoca, _c1972. |
||
| 300 | _a155 p. | ||
| 650 | 4 |
_aClase media _98980 |
|
| 650 | 4 |
_aComunismo _96792 |
|
| 905 | _aLibro | ||
| 999 |
_c124601 _d124601 |
||